| 000 | 00359nam a22001337a 4500 | ||
|---|---|---|---|
| 082 |
_a894.812.3 _bMUK/K |
||
| 100 | _aMUKUNDAN, M | ||
| 245 | _aKUTTAN ASARIYUTE BHARYAMAR | ||
| 246 |
_aKUTTAN ASARIYUTE BHARYAMAR _bKUTTAN ASARIYUTE BHARYAMAR |
||
| 260 |
_aKOTTAYAM, KERALA, INDIA _bD C BOOKS _c2021 |
||
| 300 | _a120 | ||
| 650 | _aMALAYALAM FICTION | ||
| 942 | _cBK | ||
| 999 |
_c8668 _d8668 |
||